000 00848nam a22002297a 4500
999 _c5740
_d5740
001 5740
003 BD-JhCC
005 20171220180341.0
008 171220s2013 a|||| |||| 00| 0 bn d
035 _a(BD-JhCC)5740
040 _aBD-JhCC
_dBD-JhCC
041 _aeng
082 _a954.92
_bISL 2013
100 _aইসলাম, জহিরুল
245 _aমুক্তিযুদ্ধে মেজর হায়দার ও তাঁর বিয়োগান্ত বিদায় /
_cজহিরুল ইসলাম
260 _aঢাকা :
_bপ্রথমা প্রকাশন ,
_c২০১৩.
300 _a২২৩ পৃ :
_bill. ;
_c২০ সেমি.
500 _aIncludes Illustration
504 _aIncludes Books References
650 _aHistory of Libaration War
_zBangladesh
942 _2ddc
_cBK